000 01374cam a2200337 i 4500
001 14471556
003 EG-ScBUE
005 20241024090726.0
008 060728t2007 nyua f b 001 0 eng d
020 _a9780387291390 (acidfree paper)
035 _a(CStRLIN)MNUGA004929430-B
040 _aNhCcYBP
_beng
_erda
_cNhCcYBP
_dDLC
_dEG-ScBUE
082 0 4 _a516.11
_222
_bBEC
100 1 _aBeck, Matthias,
_eauthor.
245 1 0 _aComputing the continuous discretely :
_binteger-point enumeration in polyhedra /
_cMatthias Beck, Sinai Robins.
264 1 _aNew York :
_bSpringer,
_c[2007]
264 4 _cc2007
300 _axviii, 226 pages :
_billustrations ;
_c25 cm.
336 _2rdacontent
_atext
_btxt
337 _aunmediated
_2rdamedia
_bn
338 _avolume
_bnc
_2rdacarrier
490 0 _aUndergraduate texts in mathematics
504 _aIncludes bibliographical references and index.
650 7 _aDiscrete geometry.
_2BUEsh
655 _vReading book
700 1 _aRobins, Sinai,
_eauthor.
856 4 1 _3Table of contents only
_uhttp://www.loc.gov/catdir/toc/fy0708/2006931787.html
856 4 2 _3Publisher description
_uhttp://www.loc.gov/catdir/enhancements/fy0814/2006931787-d.html
942 _2ddc
_cBB
999 _c10641
_d10641